000 00438nam a2200181Ia 4500
001 369
005 20260306140512.0
008 260306t2007||||xx |||||||||||||| ||spa||
041 _aESP
082 _a110
_bC32
100 _aCasanova, Carlos A.
_eAUT
245 0 _aReflexiones metafĂ­sicas sobre la ciencia natural
260 _c2007
300 _a320 páginas :
_c21 cm.
650 _aGEN
654 _aCHU
942 _cLIB
_dJUS
_fJUS
_2ddc
_n
999 _c369
_d369